000 00342nam a2200145Ia 4500
100 _aMalavino/A.P
650 _aElectrical Engineering
942 _cBK
654 _aSemiconductor
245 _aSemiconductor circuit approximations
260 _bTata McGraw Hill
_aNew Delhi
_c1985
082 _a621.3
300 _a441
546 _aENGLISH
999 _c21305
_d21305